Champions et vice-champions de Formule 1 (de 1950 à 1979) - Statistiques

Statistiques générales
  • Ce quiz a été pris 724 fois
  • Le résultat moyen est 48 sur 60
Statistiques - réponses
Saison Champion / Vice-champion % Correct
1950 Juan Manuel Fangio (27)
98%
1953 Juan Manuel Fangio (28)
98%
1956 Juan Manuel Fangio (30)
98%
1951 Juan Manuel Fangio (31)
98%
1957 Juan Manuel Fangio (40)
98%
1955 Juan Manuel Fangio (40)
98%
1954 Juan Manuel Fangio (42)
98%
1975 Niki Lauda (64,5)
97%
1976 Niki Lauda (68)
97%
1977 Niki Lauda (72)
97%
1952 Giuseppe Farina (24)
93%
1950 Giuseppe Farina (30)
93%
1951 Alberto Ascari (25)
92%
1953 Alberto Ascari (34,5)
92%
1952 Alberto Ascari (36)
92%
1976 James Hunt (69)
91%
1968 Jackie Stewart (36)
90%
1972 Jackie Stewart (45)
90%
1971 Jackie Stewart (62)
90%
1969 Jackie Stewart (63)
90%
1973 Jackie Stewart (71)
90%
1975 Emerson Fittipaldi (45)
89%
1974 Emerson Fittipaldi (55)
89%
1973 Emerson Fittipaldi (55)
89%
1972 Emerson Fittipaldi (61)
89%
1963 Graham Hill (29)
89%
1964 Graham Hill (39)
89%
1965 Graham Hill (40)
89%
1962 Graham Hill (42)
89%
1968 Graham Hill (48)
89%
1962 Jim Clark (30)
89%
1965 Jim Clark (54)
89%
1963 Jim Clark (54)
89%
1961 Phil Hill (34)
89%
1959 Jack Brabham (31)
87%
1966 Jack Brabham (42)
87%
1960 Jack Brabham (43)
87%
1967 Jack Brabham (46)
87%
1978 Mario Andretti (64)
82%
1979 Jody Scheckter (51)
80%
1977 Jody Scheckter (55)
80%
1958 Mike Hawthorn (42)
80%
1967 Denny Hulme (51)
78%
1970 Jochen Rindt (45)
78%
1966 John Surtees (28)
78%
1964 John Surtees (40)
78%
1955 Stirling Moss (23)
69%
1957 Stirling Moss (25)
69%
1956 Stirling Moss (27)
69%
1958 Stirling Moss (41)
69%
1979 Gilles Villeneuve (47)
50%
1969 Jacky Ickx (37)
49%
1970 Jacky Ickx (40)
49%
1971 Ronnie Peterson (33)
45%
1978 Ronnie Peterson (51)
45%
1960 Bruce McLaren (34)
44%
1974 Clay Regazzoni (52)
44%
1961 Wolfgang von Trips (33)
35%
1959 Tony Brooks (27)
32%
1954 José Froilán González (25)
28%
Aucun quiz correspondant
Distribution des résultats
% des personnes avec chaque résultat
Percentile par nombre de réponses
Votre historique - résultats
Vous n’avez pas pris ce quiz